000 00981nam a22003017a 4500
001 7694
003 FISKH
005 20250731112727.0
008 250731b cb ||||| |||| 00| 0 eng d
020 _a9780689820083
040 _aDLC
_cDLC
_dDLC
_beng
050 _aPZ7.B3435 T
082 _a305
100 1 _aBaylor, Byrd
_d (1924–2021)
245 1 4 _aThe table where rich people sit /
_cByrd Baylor ; pictures by Peter Parnall.
250 _aThis edition first published in 1998
260 _aNew York :
_bAladdin,
_c1994
300 _a28 unnumbered pages :
_bcolor illustrations ;
_c26 cm
505 _aZ
520 _aA girl discovers that her impoverished family is rich in things that matter in life, especially being outdoors and experiencing nature.
521 8 _a940
_bLexile
521 8 _aZ
_bRaz-Plus
650 1 _aWealth
_xFiction.
650 1 _aNature
_xFiction.
700 1 _aParnall, Peter
_eillustrator
942 _2ddc
_cBK
_n0
999 _c7694
_d7694